00581nam a2200229Ia 4500008004100000020001500041050001400056100001900070245004500089245005000134260002500184260001600209260000900225300001400234300002800248300001000276440001800286500000800304650001100312700001700323700001100340190123s9999 xx 000 0 und d a0590965484 bK483 1997 aKilgras, Heidi 0aWhat will I do if i can't tie my shoe? / 0cby Heidu Kilgras ; illustrated by Dana Regan. aNew York, New York : bScholastic, c1997 aunpaged : bcolored illustrations ; c20cm. aRead with me. a80L aShoes. aRegan, Dana. aTitle.